La Cautela Gualdense o Socini y el artc̕ulo 820.3.ð del Cd̤igo Civil

Bibliographic Details
Main Author: Ragel Sǹchez, Luis Felipe
Format: eBook
Language:Spanish
Published: Madrid : Dykinson, 2004
Subjects:
Online Access:http://www.vlex.com/source/7025

MARC

LEADER 00000nam a22000007a 4500
005 20130426141817.0
007 cr|||| ||||
008 130426e2004 sp |||||s|||| 00||0 spa d
020 |a 978-84-9031-186-8 
035 |a 7025 
040 |a vLex 
090 |c 4200  |d 4200 
100 1 0 |a Ragel Sǹchez, Luis Felipe  
245 1 3 |a La Cautela Gualdense o Socini y el artc̕ulo 820.3.ð del Cd̤igo Civil  |c / Luis Felipe Ragel Sǹchez   |h [Recurso electrn̤ico] 
256 |a Servicio en ln̕ea 
260 |a Madrid :  |b Dykinson,   |c 2004  
300 |a 1 Recurso electrn̤ico 
506 |d vLex Global  |d vLex Global (Academic Edition, excluding Law Schools)  |d vLex Global (U.S. Academic Edition, Law Schools)  |d vLex Global (U.S. Academic Edition, excluding Law Schools)  |d vLex Global (Academic Edition, Law Schools) 
650 0 4 |a Derecho civil  |z Espaą 
650 0 4 |a Familia y sucesiones  |z Espaą 
740 |a vLex Libros (Servicio en ln̕ea) 
856 |a Acceso restringido  |u http://www.vlex.com/source/7025 
942 |c BOOK 
999 0 |a Civil law